Catálogo
 En Linea

Paso a la libertad / (Registro nro. 45673)

Detalles MARC
000 -CABECERA
campo de control de longitud fija 01175nam a2200277 a 4500
001 - NÚMERO DE CONTROL
campo de control 000046184
003 - IDENTIFICADOR DEL NÚMERO DE CONTROL
campo de control DO-SdBNP
005 - FECHA Y HORA DE LA ÚLTIMA TRANSACCIÓN
campo de control 20240305130643.0
007 - CAMPO FIJO DE DESCRIPCIÓN FÍSICA--INFORMACIÓN GENERAL
campo de control de longitud fija ta
008 - DATOS DE LONGITUD FIJA--INFORMACIÓN GENERAL
campo de control de longitud fija 150703s2015 dr a r 000 0 spa d
020 ## - NÚMERO INTERNACIONAL ESTÁNDAR DEL LIBRO
Número Internacional Estándar del Libro 9789945586336
040 ## - FUENTE DE LA CATALOGACIÓN
Centro catalogador/agencia de origen DO-SdBNP
Lengua de catalogación spa
Centro/agencia transcriptor BNPHU
082 #4 - NÚMERO DE LA CLASIFICACIÓN DECIMAL DEWEY
Número de edición 22
100 1# - ENTRADA PRINCIPAL--NOMBRE DE PERSONA
Nombre de persona Meléndez, Dario N.,
Fechas asociadas al nombre 1929-
9 (RLIN) 74230
245 10 - MENCIÓN DE TÍTULO
Título Paso a la libertad /
Mención de responsabilidad, etc. Dario N. Meléndez ; presentación Alejandro Paulino Ramos.
250 ## - MENCIÓN DE EDICIÓN
Mención de edición 2ª ed.
260 ## - PUBLICACIÓN, DISTRIBUCIÓN, ETC.
Lugar de publicación, distribución, etc. Santo Domingo :
Nombre del editor, distribuidor, etc. Archivo General de la Nación,
Fecha de publicación, distribución, etc. 2015.
300 ## - DESCRIPCIÓN FÍSICA
Extensión 145 p. :
Otras características físicas ilustraciones ;
Dimensiones 23 cm.
490 1# - MENCIÓN DE SERIE
Mención de serie Archivo General de la Nación
Designación de volumen o secuencia 241
500 ## - NOTA GENERAL
Nota general Incluye datos biográficos del autor en las solapas.
505 0# - NOTA DE CONTENIDO CON FORMATO
Nota de contenido con formato Introdución --
Título Causas de la guerra --
-- La revolución --
-- Los preparativos --
-- El golpe --
-- Armas al pueblo --
-- Invacion de los Estados Unidos --
-- Batalla de la zona norte --
-- Preso --
-- Ciudad nueva --
-- Otros acontecimientos --
-- Renúncia de la junta de reconstrucción.
590 ## - NOTA LOCAL (RLIN)
Nota local Inventariado, 2019/BT
700 1# - PUNTO DE ACCESO ADICIONAL--NOMBRE DE PERSONA
Nombre de persona Paulino Ramos, Alejandro,
Fechas asociadas al nombre 1951-
Término indicativo de función/relación presentación
9 (RLIN) 325
830 #0 - PUNTO DE ACCESO ADICIONAL DE SERIE-TÍTULO UNIFORME
Título uniforme Archivo General de la Nación
Número de parte o sección de la obra 241
9 (RLIN) 74231
942 ## - ELEMENTOS DE PUNTO DE ACCESO ADICIONAL (KOHA)
Fuente del sistema de clasificación o colocación Dewey Decimal Classification
Tipo de ítem Koha Libro
Existencias
Estado de retiro Estado de pérdida Fuente del sistema de clasificación o colocación Restricciones de uso No para préstamo Código de colección Localización permanente Ubicación/localización actual Ubicación en estantería Fecha de adquisición Código de barras Fecha visto por última vez Número de copia Precio válido a partir de Tipo de ítem Koha Fuente de adquisición
    Dewey Decimal Classification Préstamo en sala   Dominicana de Servicio Biblioteca Nacional Pedro Henríquez Ureña Biblioteca Nacional Pedro Henríquez Ureña Depósito 03.07.2015 46184-30 25.06.2020 e.3 25.06.2020 Libro  
    Dewey Decimal Classification Excluido de préstamo   Patrimonio Dominicano Biblioteca Nacional Pedro Henríquez Ureña Biblioteca Nacional Pedro Henríquez Ureña Depósito 03.07.2015 46184-10 25.06.2020   25.06.2020 Libro  
    Dewey Decimal Classification Excluido de préstamo   Patrimonio Dominicano Biblioteca Nacional Pedro Henríquez Ureña Biblioteca Nacional Pedro Henríquez Ureña Depósito 03.07.2015 46184-20 25.06.2020 e.2 25.06.2020 Libro  
    Dewey Decimal Classification Préstamo en sala   Dominicana de Servicio Biblioteca Nacional Pedro Henríquez Ureña Biblioteca Nacional Pedro Henríquez Ureña En catalogación 13.02.2023 2023-0868 13.02.2023 e.4 13.02.2023 Libro Donación

Con tecnología Koha